000
00324nam a22001337a 4500
999
_c
9441
_d
9441
003
OSt
005
20210622114348.0
008
210622b ||||| |||| 00| 0 eng d
020
_a
9783869221878
082
_a
720.95193
245
_a
Architectural and cultural guide pyongyang vol-1
260
_b
DOM Publishers
942
_2
ddc